| 000 | 01575cam a2200361 a 4500 | ||
|---|---|---|---|
| 001 | 000014517 | ||
| 005 | 20200929163850.0 | ||
| 008 | 020520s2001 cl a b 000 0 spa d | ||
| 020 | _a9803171828 | ||
| 040 |
_aDO-SdBNP _bspa _cBNPHU |
||
| 082 |
_a304.28 _bE19i |
||
| 245 | 0 | 0 |
_aEcología de la información : _bescenarios y actores para la participación ciudadana en asuntos ambientales / _cEduardo Gudynas... [et al.]; editor ; Rodrigo Araya Dujisin ; edición al cuidado de Nora López. |
| 246 | 3 | 0 | _aEscenarios y actores para la participación ciudadana en asuntos ambientales |
| 260 |
_aCaracas, Venezuela : _bEditorial Nueva Sociedad, _c2001. |
||
| 300 |
_a147 p. : _bil. ; _c23 cm. |
||
| 504 | _aIncluye referencias bibliográficas. | ||
| 650 | 4 |
_aEcología _zAmérica Latina _xFuentes de información _932817 |
|
| 650 | 4 |
_aEcología _zAmérica Latina _xServicios de información _932818 |
|
| 650 | 4 |
_aPolítica medio ambiental _zAmérica Latina _xParticipación ciudadana _932819 |
|
| 700 | 1 |
_aAraya Dujisin, Rodrigo. _eed. _932820 |
|
| 700 | 1 |
_aLópez, Nora _eed. _932821 |
|
| 700 | 1 |
_aRyan, Daniel _932822 |
|
| 700 | 1 |
_aSvirsky, Enrique _932823 |
|
| 700 | 1 |
_aPignataron Otman, Gabriela _932824 |
|
| 700 | 1 |
_aCastañares Maddox, Eric _932825 |
|
| 700 | 1 |
_aRodríguez Aldabe, Yosu _932826 |
|
| 700 | 1 |
_aTorres larrañaga, Valeria _932827 |
|
| 700 | 1 |
_aGorfinkiel, Denise _932828 |
|
| 700 | 1 |
_aGarcía Rodríguez, Francisco _932829 |
|
| 700 | 1 |
_aGalperín, Carlos _932830 |
|
| 700 | 1 |
_aDa Costa Ferreira, Leila _932831 |
|
| 700 | 1 |
_aRojas Aravena, Francisco _931494 |
|
| 999 |
_c14106 _d14106 |
||